[Event "7th Uppsala Young Champions"]
[Site "Uppsala"]
[Date "2020.10.25"]
[Round "4.5"]
[White "Stefansson, Vignir Vatnar"]
[Black "Muetsch, Annmarie"]
[Result "1/2-1/2"]
[WhiteElo "2313"]
[BlackElo "2226"]
[Annotator "TA"]
[PlyCount "120"]
[EventDate "2020.10.23"]
[EventType "swiss"]
[EventCountry "SWE"]
[SourceTitle "playchess.com"]
[Source "ChessBase"]
[SourceQuality "1"]

{[%evp 9,120,0,0,-16,-4,-26,-8,-98,-105,-106,-102,-110,-102,-104,-97,-106,-108,-108,-106,-151,-109,-120,-130,-123,-109,-163,-39,-54,-55,-172,-80,-245,-264,-231,-116,-123,-102,-108,-89,-99,-85,-116,-115,-144,-147,-114,-80,-58,-62,-117,-135,-149,-134,-137,-126,-121,-120,-124,-122,-113,-81,-105,-76,-62,-60,-73,-78,-93,-56,-52,-69,-100,-100,-112,-110,-135,-135,-140,-136,-227,-119,-271,-100,-90,-16,-22,0,0,0,0,0,-59,-62,-76,-54,-75,-82,-106,-108,-119,0,-131,-131,-129,-8,-8,-8,-8,-8,-8,-8,-8,-8]} 1. Nc3 d5 2. e4 d4 3. Nce2 c5 4. Ng3 Nc6 5. Bc4 Nf6 6. Nf3 {A00: Irregular Openings.} e6 7. Qe2 Qc7 {[#]} 8. e5 $146 (8. d3 $11 {remains equal.}) ({Predecessor:} 8. a3 h5 9. h3 Bd6 10. Nf1 a6 11. d3 b5 12. Ba2 Nd7 13. N1h2 Bb7 14. O-O {1-0 (81) Fuhr,M (2249)-Petukhov,V (2238) ICCF email 2012}) 8... Ng4 $17 9. Bb5 Bd7 10. O-O Ngxe5 11. Nxe5 Nxe5 12. f4 Nc6 13. f5 Bd6 14. Bc4 {[%cal Rf5e6]} Ne5 15. fxe6 fxe6 16. Bb5 {[#]} d3 $1 {[%mdl 512]} 17. Bxd7+ (17. Bxd3 $17 {was necessary.} Nxd3 18. Qxd3) 17... Kxd7 ({Better is} 17... Qxd7 $19 18. cxd3 Bc7) 18. cxd3 $15 Raf8 19. Re1 {[#]} ({White should try} 19. b3 $15) 19... Qb6 (19... Nf3+ $1 $19 {[%mdl 512] and Black stays clearly on top.} 20. gxf3 Bxg3 21. Qxe6+ Kd8) 20. Qe3 $2 {[#]} (20. d4 $17 cxd4 21. d3) 20... Nxd3 $1 $19 {[%mdl 512]} 21. Qxe6+ ({Reject} 21. Qxd3 c4+ 22. Qe3 Bc5) 21... Kd8 (21... Kc7 $19 22. Re3 Kb8 23. Rxd3 Bxg3 {[%mdl 64] Discovered Attack} 24. Qxb6 Bf2+ 25. Kf1 Bd4+ 26. Rf3 axb6) 22. Re3 $17 Re8 23. Qd5 Nb4 24. Qc4 Qa6 25. Qxa6 bxa6 26. d3 Be5 {...Bd4 is the strong threat.} 27. Rf3 Bd4+ 28. Kf1 Rhf8 {aiming for ...Kd7.} 29. Bg5+ (29. Nf5 $15) 29... Kd7 30. Rd1 Bxb2 31. Ne4 Bd4 32. a3 Nd5 33. Rc1 Rxf3+ 34. gxf3 Rc8 35. Ke2 a5 36. Bd2 a4 37. Rc4 Nb6 38. Rc2 Kc6 39. Be3 {And now Bxd4 would win.} Kd5 40. Bxd4 cxd4 $15 {[%mdl 4096] Endgame KRN-KRN} 41. Rb2 {[#]} Rc1 $1 42. Rb5+ Kc6 43. Ra5 Rc2+ 44. Nd2 (44. Ke1 $17 {is a better defense.}) 44... Nd5 (44... Ra2 $19 45. Rxa7 Nd5 46. Rxg7 Nf4+ 47. Kd1 Ra1+ 48. Kc2 Rxa3 49. Rxh7 Nxd3) 45. Rxa7 $2 {[#]} (45. Ke1 $17) 45... Nc3+ $2 (45... Ra2 $1 $19 {has better winning chances.} 46. Rxg7 Nf4+ 47. Kd1 Ra1+ 48. Kc2 Rxa3 49. Rxh7 Nxd3) 46. Ke1 $17 Ra2 (46... Rc1+ $17 47. Kf2 Rd1) 47. Nc4 $11 Rxh2 48. Rxg7 h5 49. Rg6+ Kc7 50. Rd6 ({White should play} 50. f4 $11) 50... h4 {Strongly threatening ...h3.} 51. Rxd4 h3 {Threatens to win with ...Rg2.} 52. Kf1 Ra2 53. Rh4 h2 54. Ne3 Rxa3 (54... Nb5 $17 55. f4 Kc6) 55. Rxh2 (55. Rh7+ $11 {keeps the balance.} Kc8 56. Rh8+ Kd7 57. Rh7+ Kd8 58. Rh8+ Kd7 59. Rh7+ Kd8 60. Rh8+ Kc7 61. Rh7+ Kd8) 55... Ra1+ $17 56. Kg2 a3 (56... Ra2+ $17 57. Kh3 Rxh2+ 58. Kxh2 a3) 57. Nc2 $1 $11 {The position is equal.} Ra2 58. Kg3 Kd7 59. f4 Rxc2 60. Rxc2 a2 {Av CentiPawn Loss W=-22/B=-22. Weighted=-27/-23} 1/2-1/2

[Event "7th Uppsala Young Champions"]
[Site "Uppsala"]
[Date "2020.10.25"]
[Round "4.6"]
[White "Van Dael, Siem"]
[Black "Johnson, Daniel"]
[Result "1-0"]
[WhiteElo "2285"]
[BlackElo "2100"]
[Annotator "TA"]
[PlyCount "45"]
[EventDate "2020.10.23"]
[EventType "swiss"]
[EventCountry "SWE"]
[SourceTitle "playchess.com"]
[Source "ChessBase"]
[SourceQuality "1"]

{[%evp 9,44,-10,-8,-12,18,11,31,19,29,19,21,-28,0,0,0,0,0,0,0,0,160,167,172,40,165,46,105,82,131,121,173,83,2039,2043,2687,2649,29999]} 1. h4 e5 2. c4 Nc6 3. e3 Nf6 {[#]} 4. Nc3 $146 ({Predecessor:} 4. a3 d5 5. cxd5 Nxd5 6. Qc2 Bd6 7. Nf3 Qe7 8. d3 O-O 9. b4 Bd7 10. Nbd2 {0-1 (32) Bosboom,M (2445)-Akopian,V (2600) Tilburg 1992}) 4... Bb4 5. Nd5 Bc5 6. a3 {A00: Irregular Openings.} a5 7. Ne2 Nxd5 (7... h6 {feels hotter.} 8. d4 exd4 9. exd4 Ba7 10. Nxf6+ Qxf6 11. Bg5 Qf5) 8. cxd5 {White is slightly better.} Ne7 9. d4 exd4 10. Nxd4 d6 11. Bc4 O-O 12. b3 c6 13. dxc6 bxc6 14. Bb2 Bxd4 $2 (14... Qd7 $11) 15. Qxd4 $16 {[%csl Gb2][%cal Rd4g7]} ({Of course not} 15. Bxd4 $6 Be6 $11) 15... Nf5 16. Qf4 (16. Qc3 $1 $18) 16... Be6 {[#]} (16... d5 $14 17. Bd3 Qd6) 17. Bd3 (17. g4 $1 $18 {[%cal Rg4f5]} Nh6 18. Rd1) 17... Qd7 (17... Ne7 $14) 18. O-O-O {aiming for g4.} d5 19. g4 $36 {[%mdl 2048] White is on the roll.} Ne7 {[#]} (19... Nd6 $16 {might work better.}) 20. h5 (20. g5 $1 $18 {is more deadly.}) 20... c5 $2 {[%mdl 8192]} (20... f6 $16) 21. h6 $18 Ng6 22. hxg7 {Threatening mate with Qf6.} Nxf4 23. Bxh7# {Av CentiPawn Loss W=-28/B=-187. Weighted=-31/-221} 1-0

[Event "7th Uppsala Young Champions"]
[Site "Uppsala"]
[Date "2020.10.25"]
[Round "4.7"]
[White "Wernberg, Hugo"]
[Black "Carlsson, Ludvig"]
[Result "1/2-1/2"]
[WhiteElo "2211"]
[BlackElo "2281"]
[Annotator "TA"]
[PlyCount "85"]
[EventDate "2020.10.23"]
[EventType "swiss"]
[EventCountry "SWE"]
[SourceTitle "playchess.com"]
[Source "ChessBase"]
[SourceQuality "1"]

{[%evp 12,85,64,37,52,35,47,13,33,-58,-1,-42,-19,-54,41,27,41,31,29,29,28,27,29,31,40,43,52,54,50,58,71,71,66,68,79,81,79,79,82,80,78,39,54,40,43,26,25,29,28,20,16,0,24,0,0,0,0,0,9,0,0,0,10,0,0,0,0,0,0,0,0,0,0,0,0,4]} 1. e4 g6 2. d4 Bg7 3. Nc3 d6 4. f4 a6 5. Nf3 b5 6. Bd3 Nd7 7. e5 c5 {B06: Modern Defence.} 8. Be4 Rb8 9. O-O Nh6 10. d5 {[#]} ({White should try} 10. exd6 $14 O-O 11. f5 exd6 12. Bg5) 10... b4 $146 ({Black should play} 10... O-O $15) ({Predecessor:} 10... f5 11. Ng5 Nb6 12. Bf3 dxe5 13. fxe5 Bxe5 14. Qe2 Qc7 15. Ne6 Bxe6 16. Bxh6 Bf7 {1-0 (31) Dobrovoljc,V (2297)-Zamar Kodelja,J (2214) Nova Gorica 2017}) 11. Ne2 {[%cal Bc3e2,Be2d4,Bd4c6][%mdl 32]} Qb6 12. Qe1 Ng4 (12... f5 $15 13. exf6 Nxf6) 13. h3 $14 c4+ 14. Kh1 Ne3 $1 {[%cal Re3f1]} 15. Bxe3 Qxe3 16. Ned4 Qxe1 17. Raxe1 {Hoping for Nc6.} dxe5 18. fxe5 Nxe5 19. Nxe5 {[%mdl 64] [#] Discovered Attack} Bxe5 20. Nc6 $1 {[%csl LRb8,LRe5][%mdl 64] Double Attack} Bd6 21. Nxb8 Bxb8 22. Bf3 h5 23. Be2 Bg3 24. Rd1 ({Much weaker is} 24. Bxc4 Bxe1 25. Rxe1 Kd7 $11) 24... c3 25. bxc3 bxc3 26. Rf3 Be5 27. Re3 f6 28. Rb1 Kf7 29. Bc4 Kg7 30. Re2 Rd8 31. Rb6 Kf8 32. Rxe5 fxe5 {The position is equal.} 33. Rxg6 $11 {[%mdl 4096] Endgame Rh6 is the strong threat. KRB-KRB} Bf5 34. Rg3 {[#] Threatens to win with Rf3.} Be4 35. Re3 ({Not} 35. Rxc3 $2 Rc8 $19) 35... Bxc2 {White must now prevent ...Rc8.} 36. Rxc3 Be4 {Strongly threatening ...Rc8.} 37. Re3 Bxd5 38. Bxa6 Ra8 39. Rxe5 e6 40. Be2 Rxa2 41. Bf3 Bxf3 42. gxf3 Rf2 43. Rxe6 {Av CentiPawn Loss W=-9/B=-9. Weighted=-10/-9} 1/2-1/2

[Event "7th Uppsala Young Champions"]
[Site "Uppsala"]
[Date "2020.10.25"]
[Round "4.8"]
[White "Seo, Jung Min"]
[Black "Urh, Zala"]
[Result "1-0"]
[WhiteElo "2455"]
[BlackElo "2195"]
[Annotator "TA"]
[PlyCount "85"]
[EventDate "2020.10.23"]
[EventType "swiss"]
[EventCountry "SWE"]
[SourceTitle "playchess.com"]
[Source "ChessBase"]
[SourceQuality "1"]

{[%evp 19,85,2,9,5,10,0,-12,-7,0,0,0,13,8,0,0,0,0,0,33,35,57,56,56,60,60,62,106,107,116,98,211,205,216,223,379,27,23,14,16,22,77,62,54,64,56,45,134,156,131,198,614,599,584,570,6506,583,6482,6295,6187,5406,5365,5302,29968,29969,11583,6135,6135,5302]} 1. e4 {Shankland,Sam} c5 2. Nf3 Nc6 3. d4 cxd4 4. Nxd4 Nf6 5. Nc3 e5 6. Ndb5 d6 7. Nd5 Nxd5 8. exd5 Nb8 9. a4 Be7 10. Be2 O-O 11. O-O {B33: Sicilian: Pelikan and Sveshnikov Variations.} Nd7 12. b4 {12.Bd2 gains popularity.} a6 13. Na3 {The position is equal.} a5 14. bxa5 Rxa5 15. Nc4 Ra8 16. Be3 f5 17. a5 f4 18. Bb6 {[#]} Nxb6 $146 ({Predecessor:} 18... Qe8 19. Ra3 Qg6 20. Bc7 e4 21. Kh1 b5 22. Nb6 Nxb6 23. Bxb6 Qg5 24. g3 b4 {½-½ (54) Caruana,F (2832)-Carlsen,M (2835) London 2018 CBM 187 [Shankland,Sam]}) 19. Nxb6 Rb8 20. Bg4 Bf5 21. Bxf5 Rxf5 22. Qd3 Rg5 23. c4 Qc7 24. Rfd1 Rf8 {[#]} (24... Rg6 $16 {might work better.}) 25. c5 $1 $18 {[%mdl 512]} f3 (25... Qxc5 26. Nd7) 26. g3 Rg4 $2 {[#]} (26... Bf6) 27. cxd6 $2 ({White must play} 27. c6 $1 $18 {[%mdl 512]}) 27... Bxd6 $11 {Threatening ...e4.} 28. Rac1 Qf7 {aiming for ...e4.} 29. Nc4 $36 {[%mdl 2048] White is pushing.} Bb8 (29... Rd4 $1 $11 30. Nxd6 Qxd5) 30. d6 Rd4 31. Qc3 Qd5 $1 32. Ne3 Qxd6 (32... Qe6 $14) 33. Qb3+ $16 {[%mdl 64] Double Attack} Kh8 34. Qxb7 e4 $2 (34... Rb4 35. Qc8 (35. Rxd6 Rxb7 36. Rb6 Ra7 $16) 35... Rd4) 35. Rxd4 $18 Qxd4 {[#]} 36. Rc8 $1 {[%cal Rc8f8][%mdl 512]} Bd6 37. Rxf8+ Bxf8 38. a6 Qa1+ 39. Nf1 e3 40. Qxf3 {[%cal Rf3f8]} exf2+ 41. Kg2 {[%cal Rf3f8]} Kg8 42. Qd5+ Kh8 43. Qb7 {Av CentiPawn Loss W=-97/B=457. Weighted=-110/182} 1-0

[Event "7th Uppsala Young Champions"]
[Site "Uppsala"]
[Date "2020.10.25"]
[Round "4.9"]
[White "Trost, Edvin"]
[Black "Heimisson, Hilmir Freyr"]
[Result "1/2-1/2"]
[WhiteElo "2202"]
[BlackElo "2352"]
[Annotator "TA"]
[PlyCount "87"]
[EventDate "2020.10.23"]
[EventType "swiss"]
[EventCountry "SWE"]
[SourceTitle "playchess.com"]
[Source "ChessBase"]
[SourceQuality "1"]

{[%evp 21,87,31,29,30,20,22,34,29,39,0,26,28,50,10,14,21,35,17,46,35,63,12,46,43,55,52,83,57,79,77,79,57,52,48,46,43,189,-16,85,98,82,75,164,78,78,78,87,4,9,4,118,121,117,121,175,134,137,112,139,0,162,54,48,51,63,63,77,0]} 1. d4 f5 2. c4 Nf6 3. Nf3 d6 4. g3 g6 5. Bg2 Bg7 6. O-O O-O 7. Nc3 c6 8. b3 Qc7 9. Bb2 Na6 {[%cal Bb8a6,Ba6c5,Bc5e4][%mdl 32]} 10. d5 e5 11. dxe6 Bxe6 12. Qc2 {A88: Dutch Defence: Leningrad System: 5 Nf3 0-0 6 0-0 d6 7 Nc3 c6.} Rae8 {[#]} 13. Nd4 $146 ({Predecessor:} 13. Rad1 Nc5 14. e3 Qe7 15. Ne2 Nfe4 16. Bxg7 Kxg7 17. Nd2 Nf6 18. b4 Nce4 19. Rc1 Bf7 {½-½ (94) Postny,E (2569)-Cheparinov,I (2695) Mali Losinj 2017}) 13... Bc8 14. Rad1 {White is slightly better.} Nc5 15. b4 Nce4 16. e3 Re7 17. Qa4 a6 18. Qb3 Rd8 19. a4 Kh8 20. Rfe1 Bd7 21. Re2 (21. a5 $14) 21... Be8 22. Rc2 h6 23. Nxe4 fxe4 24. b5 Bf7 25. bxc6 bxc6 26. Rcd2 Nd7 27. Qc2 Ne5 28. Bxe4 Nxc4 (28... c5 $1 $14) 29. Bc3 $2 (29. Nxc6 $18 Nxb2 30. Nxd8 Qxd8 31. Rxd6 {[%mdl 64] Double Attack}) 29... c5 (29... Kh7 $11 {keeps the balance.}) 30. Nc6 $16 {[%mdl 64] Double Attack} Nxd2 31. Rxd2 {aiming for Ba5.} d5 (31... Bxc3 $16 {is a better defense.} 32. Qxc3+ Kh7) 32. Bxg7+ ({Don't take} 32. Nxe7 Qxe7 33. Ba5 Rd7 $16) (32. Nxd8 $18 {and White stays clearly on top.} Rxe4 33. Nxf7+ Qxf7 34. Bxg7+ {[%mdl 64] Discovered Attack} Kxg7 35. Qxc5) 32... Kxg7 33. Nxd8 Qxd8 {[#]} 34. Qb2+ (34. Bxd5 $1 $16 {[%mdl 512]} Bxd5 35. e4) 34... Kh7 $11 35. Qf6 Qd7 {[#]} (35... Rd7 $11 {remains equal.} 36. Qc6 c4) 36. Bxd5 $1 $16 {[%mdl 576] Deflection} Bxd5 {[#]} 37. Rxd5 $1 {[%mdl 512]} Qxd5 38. Qxe7+ {[%mdl 4096] Endgame KQ-KQ} Kg8 39. Qe8+ Kh7 40. Qe7+ Kg8 41. e4 ({White should play} 41. Qf6 $18) 41... Qd1+ $14 42. Kg2 {Qe6+ is the strong threat.} Qxa4 43. Qe6+ Kg7 44. Qe7+ {Av CentiPawn Loss W=-24/B=-29. Weighted=-32/-30} (44. Qe5+ $16 Kh7 45. Qe7+ Kg8 46. Qe6+ Kg7 47. Qe5+ Kh7 48. Qc7+ Kg8 49. Qd8+ Kh7 50. Qe7+ Kg8) 1/2-1/2

[Event "7th Uppsala Young Champions"]
[Site "Uppsala"]
[Date "2020.10.25"]
[Round "4.10"]
[White "Stalmach, Richard"]
[Black "Soderstrom, Adrian"]
[Result "0-1"]
[WhiteElo "2296"]
[BlackElo "2168"]
[Annotator "TA"]
[PlyCount "40"]
[EventDate "2020.10.23"]
[EventType "swiss"]
[EventCountry "SWE"]
[SourceTitle "playchess.com"]
[Source "ChessBase"]
[SourceQuality "1"]

{[%evp 21,40,26,37,0,12,0,24,-17,-22,-33,-31,-1367,-1360,-1717,-1685,-2525,-2444,-2350,-2175,-29983,-11857]} 1. d4 Nf6 2. c4 e5 3. dxe5 Ng4 4. Bf4 Nc6 5. Nf3 Bb4+ 6. Nc3 Bxc3+ 7. bxc3 Qe7 8. Qd5 f6 9. exf6 Nxf6 10. Qd1 d6 11. e3 O-O 12. Be2 {A52: Budapest Gambit.} Ne4 13. Rc1 Kh8 {[#]} 14. h4 $146 {White has an edge.} ({Predecessor:} 14. Nd2 Bg4 15. Bxg4 Rxf4 16. Nxe4 Rxe4 17. Be2 Rf8 18. O-O b6 19. Qd5 Na5 20. Rb1 {½-½ (48) Lagergren,H (1921)-Driessen,B (2019) ICCF email 2017}) 14... Bg4 15. h5 Rae8 16. Nh4 $2 {[%mdl 8192] [#]} (16. Kf1 $15) 16... Nxf2 $1 $19 {[%mdl 576] Double Attack} 17. Ng6+ (17. Kxf2 Qxe3+) 17... hxg6 18. hxg6+ Nxh1 19. Kd2 Nf2 20. Qg1 {[#]} Rxf4 $1 {[%mdl 64] Pin. Black took control after the opening.} 0-1

[Event "7th Uppsala Young Champions"]
[Site "Uppsala"]
[Date "2020.10.25"]
[Round "4.11"]
[White "Rozman, Monika"]
[Black "Mica, Marek"]
[Result "0-1"]
[WhiteElo "2129"]
[BlackElo "2294"]
[Annotator "TA"]
[PlyCount "100"]
[EventDate "2020.10.23"]
[EventType "swiss"]
[EventCountry "SWE"]
[SourceTitle "playchess.com"]
[Source "ChessBase"]
[SourceQuality "1"]

{[%evp 26,100,0,0,0,-29,-1,-5,0,0,0,0,0,-62,-56,-50,-26,-5,-29,-11,-19,-81,-81,-95,-96,-118,-110,-103,-92,-89,-85,-156,-6,-8,-6,-10,-8,-16,-12,-28,-33,-22,0,0,0,-14,0,0,0,-268,-198,-1570,-1061,-970,-821,-2636,-2341,-4606,-4554,-3412,-3017,-1850,-1734,-29981,-29982,-29982,-29983,-29983,-29984,-29984,-29985,-29984,-29985,-29986,-29987,-29987,-29988]} 1. e4 c6 2. d4 d5 3. Nc3 dxe4 4. Nxe4 Bf5 5. Ng3 Bg6 6. h4 h6 7. h5 Bh7 8. Nf3 Nd7 9. Bd3 Bxd3 10. Qxd3 e6 11. Bd2 Ngf6 12. O-O-O Be7 13. Kb1 O-O 14. Ne4 c5 {B19: Classical Caro-Kann: 4...Bf5 main line.} 15. Rdg1 Nxe4 16. Qxe4 {[#]} Nf6 $146 {The position is equal.} ({Predecessor:} 16... cxd4 17. g4 Nc5 18. Qxd4 Qxd4 19. Nxd4 Rfd8 20. Be3 a6 21. c3 Rd5 22. Rd1 Rad8 {½-½ (38) Nasuta,G (2341)-Czarnota,P (2534) Polanica Zdroj 2013}) 17. Qe2 Qd5 18. g4 Qe4 ({Of course not} 18... cxd4 $6 19. g5 $14) 19. Qd1 ({Better is} 19. Qxe4 $11 Nxe4 20. Be3) 19... Nxg4 $15 ({And not} 19... cxd4 20. g5 $16) 20. Ng5 {[%mdl 64] Decoy} Bxg5 (20... hxg5 {with more complications.} 21. Rxg4 Qd5 22. h6 g6 23. dxc5 Kh7) 21. Rxg4 {[%mdl 64] Double Attack} Qd5 $1 22. Bxg5 hxg5 23. Rhg1 (23. dxc5 $11 {remains equal.} Qxc5 24. Qc1) 23... f6 $17 24. f4 {[%cal Rf4g5] [#]} Rad8 $1 25. fxg5 f5 26. Rh4 {Black should prevent g6.} cxd4 27. g6 d3 28. h6 {[#]} ({White should play} 28. Qxd3 Qxd3 29. cxd3) 28... dxc2+ (28... d2 $1 $17 {White must now prevent ...f4.} 29. a3 gxh6 30. Rxh6 Kg7 31. Rh7+ Kf6) 29. Qxc2 $11 Qd3 30. Qxd3 Rxd3 31. hxg7 Kxg7 {[%mdl 4096] Endgame Black wants to play ...Rh8. KRR-KRR} 32. Rh7+ Kf6 33. Rxb7 f4 34. Rxa7 e5 35. b4 f3 36. g7 $1 {[%cal Rg7f8]} Rg8 37. b5 $2 {[%mdl 8192]} (37. Ra6+ $11 Kf5 38. Rgg6) 37... e4 $19 {...f2 is the strong threat.} 38. b6 $2 (38. Rf1) 38... f2 39. Rf1 e3 {aiming for ...Rd1+!} 40. Kc2 Rd2+ 41. Kc1 Re2 42. Kd1 Rb2 {( -> ...e2+)} 43. Kc1 Rxb6 44. Kd1 Rb2 {Black mates.} 45. Kc1 Re2 46. Kd1 Rd2+ 47. Kc1 Rc8+ 48. Kb1 Re2 49. Rc7 Re1+ 50. Kb2 Rb8+ {Av CentiPawn Loss W=-58/B=-50. Weighted=-59/-53} 0-1

[Event "7th Uppsala Young Champions"]
[Site "Uppsala"]
[Date "2020.10.25"]
[Round "4.12"]
[White "Falkevall, Axel"]
[Black "Nemec, Jachym"]
[Result "0-1"]
[WhiteElo "2121"]
[BlackElo "2246"]
[Annotator "TA"]
[PlyCount "70"]
[EventDate "2020.10.23"]
[EventType "swiss"]
[EventCountry "SWE"]
[SourceTitle "playchess.com"]
[Source "ChessBase"]
[SourceQuality "1"]

{[%evp 19,70,-23,8,-53,0,-47,-52,-41,-46,-106,-102,-104,-109,-96,-108,-129,-72,-148,-150,-133,-133,-268,-244,-208,-70,-394,-411,-403,-413,-658,-655,-645,-632,-968,-951,-1397,-1400,-29990,-29989,-29989,-29990,-29992,-29992,-29992,-29993,-29995,-29996,-29996,-29996,-29996,-29993,-29997,-29998]} 1. e4 c5 2. Nf3 d6 3. d3 Nc6 4. g3 g6 5. Bg2 Bg7 6. O-O e5 7. c3 Nge7 8. a3 O-O 9. b4 h6 10. Nbd2 Be6 11. Nc4 {[#] 11.Nb3 is a critical line. A04: Unusual lines after 1 Nf3 and King's Indian Attack.} (11. b5 $11 Na5 12. c4) 11... f5 $146 (11... d5 $15 12. Ncd2 f5) ({Predecessor:} 11... d5 12. Ncd2 d4 13. c4 cxb4 14. axb4 Nxb4 15. Ba3 Nec6 16. Ne1 a5 17. f4 exf4 18. gxf4 f5 {1-0 (144) Adly,A (2599)-Flores,D (2579) Doha 2016}) 12. Nfd2 f4 13. b5 {Black is slightly better.} Na5 14. Bb2 (14. Nxa5 $15 Qxa5 {[%mdl 64] Double Attack} 15. c4) 14... Nxc4 $17 15. Nxc4 Qd7 16. a4 g5 17. Re1 Rf6 (17... Rad8 $142) 18. Qb3 (18. Bf3 $142) 18... Ng6 19. Bh3 Kh7 20. Bxe6 (20. Bf1 $17) 20... Qxe6 $19 21. Qd1 Raf8 ({Black should try} 21... Qh3 $1 $19 {Threatens to win with ...Raf8.} 22. Qe2 Raf8) 22. Qe2 $2 {[%mdl 8192]} (22. Qh5 $15) 22... Qh3 $1 23. Qf1 {[#]} Qh5 $1 {...fxg3 is the strong threat.} 24. Qe2 {[#]} (24. g4 $142 Qxg4+ 25. Qg2) 24... g4 $1 25. Rf1 Qh3 26. Qc2 h5 27. d4 h4 28. Qd3 f3 {[%csl Gf3][%cal Rh3g2] Black mates.} 29. Ne3 Bh6 30. Qd2 Bxe3 31. fxe3 hxg3 32. hxg3 Qxg3+ 33. Kh1 Kg7 34. Rf2 Rh8+ 35. Rh2 f2 {Av CentiPawn Loss W=-106/B=-9. Weighted=-167/-5} 0-1

[Event "7th Uppsala Young Champions"]
[Site "Uppsala"]
[Date "2020.10.25"]
[Round "4.13"]
[White "Frank, Adam"]
[Black "Nilssen, Ellen Fredericia"]
[Result "1/2-1/2"]
[WhiteElo "2129"]
[BlackElo "2209"]
[Annotator "TA"]
[PlyCount "102"]
[EventDate "2020.10.23"]
[EventType "swiss"]
[EventCountry "SWE"]
[SourceTitle "playchess.com"]
[Source "ChessBase"]
[SourceQuality "1"]

{[%evp 13,102,17,23,11,22,8,13,3,12,18,26,26,27,22,27,-18,0,-10,0,0,0,-68,-73,-141,-101,-109,-109,-106,-49,-49,4,4,4,4,1,2,2,3,2,0,0,0,0,-4,-4,-7,0,-14,0,-2,0,0,0,0,0,0,0,0,0,0,0,0,0,0,0,-11,-11,-11,-11,-11,-11,-11,-11,-11,0,-11,-11,-11,-11,-11,-11,-11,0,-11,-11,-11,-11,-11,0,0,0]} 1. e4 e6 2. d4 d5 3. Nd2 c5 4. exd5 exd5 5. Ngf3 Nc6 6. Bb5 cxd4 {6...Qe7+ is the modern continuation.} 7. O-O Bd6 8. Nxd4 {C09: French Tarrasch: 3...c5 4 exd5 exd5 5 Ngf3 Nc6.} Nge7 9. Qh5 O-O 10. N2f3 Nxd4 11. Nxd4 g6 12. Qh4 Nf5 {[#]} 13. Nxf5 $146 ({Predecessor:} 13. Qxd8 Rxd8 14. c3 Nxd4 15. cxd4 Bf5 16. Bg5 Rdc8 17. Rac1 a6 18. Ba4 Kg7 19. Bb3 {0-1 (33) Spasic,A (1395)-Dutra Neto,A (2147) IECG email 2002}) 13... Bxf5 14. Bg5 f6 15. Be3 Bxc2 16. Rac1 Rc8 17. Bh6 (17. Bxa7 $11 b6 18. Qg4) 17... Rf7 $15 18. Rce1 (18. Rfe1 $142 Be4 19. Qh3 Rxc1 20. Rxc1) 18... Qb6 19. Qh3 Bf5 20. Qb3 Qd4 ({Black should play} 20... a6 $17 21. Re8+ Rxe8 22. Bxe8 Qxb3 23. Bxf7+ Kxf7 24. axb3 g5) 21. Be3 Qh4 (21... Qe5 $15 22. f4 Qe7) 22. g3 $11 {The position is equal.} Qb4 {Strongly threatening ...a6.} 23. Qxd5 {[#] Threatens to win with a3.} Be4 24. Qb3 a6 $132 {[%mdl 2048] Black is fighting back} 25. Ba4 {With the idea Rc1.} b5 26. Qxb4 Bxb4 27. Bb3 {[#] Black must now prevent Bd2!} Bxe1 28. Rxe1 Kg7 {...Rff8 is the strong threat.} 29. Bxf7 Kxf7 {[%mdl 4096] Endgame KRB-KRB} 30. Bd4 f5 31. Bc3 Rd8 32. f4 Rd3 33. Kf2 Ke6 34. Re3 Rd1 35. Re1 Rd3 36. Re3 Rd7 37. Re2 Rd1 38. Re1 Rxe1 (38... Rd5 {is more complex.} 39. Ba5 Rd4 40. Bc3 Rd8 41. Ke3 Rd3+) 39. Kxe1 {KB-KB} Kd5 40. Kd2 Bb1 41. a3 Ke4 42. Ke2 Ba2 43. Kf2 Kd3 44. Bg7 Bc4 45. Bh8 Bd5 46. Bg7 Be4 47. Bh8 Kc4 48. Bg7 a5 49. Bh8 Bc2 50. Bg7 b4 51. axb4 axb4 {Av CentiPawn Loss W=-6/B=-6. Weighted=-6/-6} 1/2-1/2

[Event "7th Uppsala Young Champions"]
[Site "Uppsala"]
[Date "2020.10.25"]
[Round "4.14"]
[White "Olsson, William"]
[Black "Kruckenhauser, Arthur"]
[Result "1/2-1/2"]
[WhiteElo "2192"]
[BlackElo "2301"]
[Annotator "TA"]
[PlyCount "54"]
[EventDate "2020.10.23"]
[EventType "swiss"]
[EventCountry "SWE"]
[SourceTitle "playchess.com"]
[Source "ChessBase"]
[SourceQuality "1"]

{[%evp 21,54,35,43,10,49,0,8,0,-4,-18,-34,-32,-29,-33,-39,-31,-22,-44,-18,-31,-29,-34,-18,-43,-10,-23,0,0,0,-14,0,0,0,-14,0]} 1. d4 Nf6 2. c4 c5 3. d5 b5 4. cxb5 a6 5. bxa6 g6 6. Nc3 Bg7 7. g3 O-O 8. Bg2 d6 9. Nf3 Nbd7 {[%cal Bb8d7,Bd7b6,Bb6c4][%mdl 32]} 10. O-O Bxa6 11. Re1 Nb6 12. a4 {A58: Benko/Volga Gambit: Lines with 5 bxa6.} Nfd7 13. e4 Nc4 14. Bf1 Qa5 {[#]} 15. Qc2 $146 ({Predecessor:} 15. Bxc4) 15... Rfb8 16. Bxc4 Bxc4 17. Nd2 Ba6 18. Nf3 Qb4 19. Kg2 Ne5 20. Nxe5 Bxe5 21. a5 Bc4 {[%mdl 1024] Black has compensation.} 22. Qa4 Ra7 23. Bd2 Rba8 24. Qc2 {The position is equal.} Bb3 25. Qd3 {[#] Black must now prevent Nb5.} Bc4 26. Qc2 Bb3 27. Qd3 {Threatens to win with Nb5.} Bc4 {Av CentiPawn Loss W=-12/B=-10. Weighted=-12/-10} 1/2-1/2